| 000 | 02631nam0a2200421 4500 | ||
|---|---|---|---|
| 001 | RU\NLR\BIBL_A\022580119 | ||
| 005 | 20260420050429.0 | ||
| 010 |
_a978-5-6051563-2-1 _9500 |
||
| 021 |
_aRU _bКН-П-25-027772 _9КН-П-25-2751 |
||
| 035 | _a(NLR Aleph) 022580119 | ||
| 090 |
_a13676969 _c13676969 |
||
| 100 | _a20250704d2025 k y0rusy50 ca | ||
| 101 | 0 |
_arus _deng |
|
| 102 | _aRU | ||
| 105 | _aac z 100yy | ||
| 181 | 0 |
_ai3 _baxxe |
|
| 182 | 0 | _an | |
| 200 | 1 |
_aИтоги Конституционного форума - 2024 _eстатьи, доклады, дискуссии _fсоставители: Бурбулис Юлия Владиславовна, Марков Андрей Сергеевич |
|
| 203 |
_aТекст _bвизуальный _cнепосредственный |
||
| 210 |
_aЕкатеринбург _cНародный университет современного конституционализма имени Г. Э. Бурбулиса _d2025 |
||
| 215 |
_a393 с., [16] л. цв. ил., портр. _d21 |
||
| 300 | _aРез. отд. ст. англ. | ||
| 320 | _aБиблиогр. в конце отд. ст. и в подстроч. примеч. | ||
| 327 | 1 | _aСб. содерж. материалы участников форумов, загл. которых указаны в содерж. и отражены в доп. точках доступа на наименования орг. | |
| 606 | 1 |
_aКонституционализм _jСъезды, совещания и т.п _yРоссийская Федерация _92093249 _3RU\NLR\AUTH\661266772 |
|
| 686 | 1 | _aХ620я431 | |
| 686 | 1 | _aФ011.3я431 | |
| 702 | 1 |
_aБурбулис _bЮ. В. _gЮлия Владиславовна _4220 |
|
| 711 | 1 | 2 |
_a"Конституционализм и его будущее в глазах молодых", конституционный форум _eМосква _f2024 _92656480 _3RU\NLR\AUTH\880624112 |
| 711 | 1 | 2 |
_a"Защита социальных и экономических прав в России: история, теория, практика", межрегиональный конституционный форум _eЕкатеринбург _f2024 _92669860 _3RU\NLR\AUTH\880628980 |
| 856 | 4 |
_lVNP_SKP _tVIEW _uhttps://webservices.nlr.ru/viewer/file?name=a022580119_002.txt _yАннотация |
|
| 856 | 4 | 1 |
_lVNP_SKP _tVIEW _uhttps://webservices.nlr.ru/viewer/file?name=t022580119_001.jpg _yОбложка |
| 942 | _cBOOK | ||
| 980 | 4 | _aVNP_SKP | |
| 980 | _aNB | ||